<?xml version="1.0" encoding="UTF-8"?>
<record
    xmlns:xsi="http://www.w3.org/2001/XMLSchema-instance"
    xsi:schemaLocation="http://www.loc.gov/MARC21/slim http://www.loc.gov/standards/marcxml/schema/MARC21slim.xsd"
    xmlns="http://www.loc.gov/MARC21/slim">

  <leader>00810nam a22002417a 4500</leader>
  <controlfield tag="003">LK-CoDNM</controlfield>
  <controlfield tag="005">20241112122312.0</controlfield>
  <controlfield tag="008">241015b        |||||||| |||| 00| 0 eng d</controlfield>
  <datafield tag="040" ind1=" " ind2=" ">
    <subfield code="a">LK-CoDNM</subfield>
    <subfield code="d">LK-CoDNM</subfield>
    <subfield code="e">LK-CoDNM</subfield>
  </datafield>
  <datafield tag="041" ind1=" " ind2=" ">
    <subfield code="a">sin</subfield>
    <subfield code="h">English</subfield>
  </datafield>
  <datafield tag="080" ind1=" " ind2=" ">
    <subfield code="a">&#xDB4;&#xDCA;&#x200D;&#xDBB;.&#xDC3;</subfield>
    <subfield code="b">164</subfield>
  </datafield>
  <datafield tag="100" ind1=" " ind2=" ">
    <subfield code="a">&#xD9A;&#xDB4;&#xDD2;&#xDBD; &#xD8A; &#xDC3;&#xDD9;&#xDB1;&#xDD9;&#xDC0;&#xDD2;&#xDBB;&#xDAD;&#xDCA;&#xDB1;</subfield>
  </datafield>
  <datafield tag="245" ind1=" " ind2=" ">
    <subfield code="a">&#xDC3;&#xDD4;&#xDC0;&#xDAF;-1947</subfield>
    <subfield code="b">2 &#xD9A;&#xDCF;&#xDAB;&#xDCA;&#xDA9;&#xDBA; 7 &#xD9A;&#xDBD;&#xDCF;&#xDB4;&#xDBA;</subfield>
  </datafield>
  <datafield tag="260" ind1=" " ind2=" ">
    <subfield code="c">1947</subfield>
    <subfield code="a">&#xD9A;&#xDDC;&#xDC5;&#xDB9;</subfield>
    <subfield code="b">&#xDB1;&#xDD2;&#xDC0;&#xDCA; &#xDBD;&#xDD3;&#xDBD;&#xDCF; &#xDB8;&#xDD4;&#xDAF;&#xDCA;&#x200D;&#xDBB;&#xDAB;&#xDCF;&#xDBD;&#xDBA;</subfield>
  </datafield>
  <datafield tag="300" ind1=" " ind2=" ">
    <subfield code="b">16p. ; 24 cm</subfield>
  </datafield>
  <datafield tag="650" ind1=" " ind2=" ">
    <subfield code="a">&#xDC3;&#xDD4;&#xDC0;&#xDAF;-1947</subfield>
  </datafield>
  <datafield tag="650" ind1=" " ind2=" ">
    <subfield code="a">2 &#xD9A;&#xDCF;&#xDAB;&#xDCA;&#xDA9;&#xDBA; 7 &#xD9A;&#xDBD;&#xDCF;&#xDB4;&#xDBA;</subfield>
  </datafield>
  <datafield tag="650" ind1=" " ind2=" ">
    <subfield code="a">&#xDB8;&#xDCF;&#xDC3;&#xDD2;&#xD9A; &#xDC3;&#xD9C;&#xDBB;&#xDCF;&#xDC0;</subfield>
  </datafield>
  <datafield tag="650" ind1=" " ind2=" ">
    <subfield code="a">&#xDB4;&#xDCA;&#x200D;&#xDBB;.&#xDC3; 164</subfield>
  </datafield>
  <datafield tag="650" ind1=" " ind2=" ">
    <subfield code="a">1947</subfield>
  </datafield>
  <datafield tag="650" ind1=" " ind2=" ">
    <subfield code="a">&#xD9A;&#xDB4;&#xDD2;&#xDBD; &#xD8A; &#xDC3;&#xDD9;&#xDB1;&#xDD9;&#xDC0;&#xDD2;&#xDBB;&#xDAD;&#xDCA;&#xDB1;</subfield>
  </datafield>
  <datafield tag="942" ind1=" " ind2=" ">
    <subfield code="c">BK</subfield>
  </datafield>
  <datafield tag="952" ind1=" " ind2=" ">
    <subfield code="0">0</subfield>
    <subfield code="1">0</subfield>
    <subfield code="4">1</subfield>
    <subfield code="7">0</subfield>
    <subfield code="8">OBC</subfield>
    <subfield code="a">MAIN</subfield>
    <subfield code="b">MAIN</subfield>
    <subfield code="c">REF</subfield>
    <subfield code="d">2024-11-12</subfield>
    <subfield code="l">0</subfield>
    <subfield code="o">&#xDB4;&#xDCA;&#x200D;&#xDBB;.&#xDC3; 164</subfield>
    <subfield code="p">OJP5132-6</subfield>
    <subfield code="r">2024-11-12</subfield>
    <subfield code="w">2024-11-12</subfield>
    <subfield code="y">BK</subfield>
  </datafield>
  <datafield tag="999" ind1=" " ind2=" ">
    <subfield code="c">229274</subfield>
    <subfield code="d">229274</subfield>
  </datafield>
</record>
